• 首页
  • 本馆介绍
  • 公告通知
  • 最新文献
  • 馆藏检索
  • 电子资源
  • 读者导购
  • 参考咨询
  • 我的图书馆
  • 登录
  • 详细信息显示
  • 放入我的书架
  • 预约/预借图书
  • 作者相关作品
  • 分类相关作品
  • 丛书相关作品
  • 出版社相关作品

书目信息

  • 表格格式
  • 工作单格式
  • 卡片格式
题名:
经与经学
    
 
作者: 蒋伯潜 , 蒋祖怡 著
分册:  
出版信息: 上海   上海书店出版社  1997
页数: 223页
开本: 20cm
丛书名: 古典文史基本知识丛书
单 册:
中图分类: Z126.272 , Z126
科图分类:
主题词: 经学--研究--中国 , 丛书--中国
电子资源:
ISBN: 7-80622-222-7
000 00741nam2 2200277 45
001 0197031490
005 20040519090121.0
010    @a7-80622-222-7@dCNY12
100    @a19970929d1997 em y0chiy0121 ea
101 0  @achi
102    @aCN@b310000
105    @ay z 000yy
106    @ar
200 10 @a经与经学@Ajing yu jing xue@f蒋伯潜,蒋祖怡著
210    @a上海@c上海书店出版社@d1997
215    @a223页@d20cm
225 2  @a古典文史基本知识丛书
410  0 @120010@a古典文史基本知识丛书
606    @a经学@x研究@y中国
606 0  @a丛书@x中国
690    @aZ126.272@v3
690    @aZ126
701  0 @a蒋伯潜@Ajiang bo qian@4著
701  0 @a蒋祖怡@Ajiang zu yi@4著
801  0 @aCN@bNLC@c19971021
905    @f2@b288412-413@dZ126@e58
    
    经与经学/蒋伯潜,蒋祖怡著.-上海:上海书店出版社,1997
    223页;20cm.-(古典文史基本知识丛书)
    
    
    ISBN 7-80622-222-7:CNY12
    
●
相关链接 在E读中查询图书 在五车中查询图书 在当当中查询图书 在豆瓣中查询图书


正题名:经与经学     索取号:Z126/58         预约/预借

序号 登录号 条形码 馆藏地/架位号 状态 备注
1 0288412   002884123   第三借阅区/ [索取号:Z126/58] 在馆    
2 0288413   002884132   第三借阅区/ [索取号:Z126/58] 在馆    
3 0288414   002884141   第二样本阅览室/ [索取号:Z126/58] 在馆    
4 0321668   203216689   第三借阅区/ [索取号:Z126/58] 在馆    
唐山师范学院图书馆 欢迎您!
大连网信软件有限公司© 版权所有